Online
Catalog

Bésame / (Record no. 3902)

MARC details
000 -CABECERA
campo de control de longitud fija 00992cam a2200313 a 4500
001 - NÚMERO DE CONTROL
campo de control 000004084
003 - IDENTIFICADOR DEL NÚMERO DE CONTROL
campo de control DO-SdBNP
005 - FECHA Y HORA DE LA ÚLTIMA TRANSACCIÓN
campo de control 20220719101317.0
007 - CAMPO FIJO DE DESCRIPCIÓN FÍSICA--INFORMACIÓN GENERAL
campo de control de longitud fija ta
008 - DATOS DE LONGITUD FIJA--INFORMACIÓN GENERAL
campo de control de longitud fija 930618e1994 ag r 000 fdeng d
020 ## - NÚMERO INTERNACIONAL ESTÁNDAR DEL LIBRO
Número Internacional Estándar del Libro 9500812770
040 ## - FUENTE DE LA CATALOGACIÓN
Centro catalogador/agencia de origen DO-SdBNP
Lengua de catalogación spa
Centro/agencia transcriptor BNPHU
041 17 - CÓDIGO DE LENGUA
Código de lengua del texto/banda sonora o título independiente spa
082 #4 - NÚMERO DE LA CLASIFICACIÓN DECIMAL DEWEY
Número de edición 22
Número de clasificación 813.52
Número de documento/Ítem M478b
100 1# - ENTRADA PRINCIPAL--NOMBRE DE PERSONA
Nombre de persona McBain, Ed,
Fechas asociadas al nombre 1926-2005.
9 (RLIN) 12167
Forma completa/desarrollada del nombre (Evan Hunter)
240 10 - TÍTULO UNIFORME
Título uniforme Kiss.
245 10 - MENCIÓN DE TÍTULO
Título Bésame /
Mención de responsabilidad, etc. Ed McBain ; traducción de Julio Llinás.
260 ## - PUBLICACIÓN, DISTRIBUCIÓN, ETC.
Lugar de publicación, distribución, etc. Buenos Aires, Argentina :
Nombre del editor, distribuidor, etc. Atlántida,
Fecha de publicación, distribución, etc. 1994.
300 ## - DESCRIPCIÓN FÍSICA
Extensión 314 p. ;
Dimensiones 22 cm.
500 ## - NOTA GENERAL
Nota general Incluye datos biográficos del autor en la solapa de la contracubierta
534 ## - NOTA SOBRE LA VERSIÓN ORIGINAL
Frase introductoria Título origina l:
Mención de título del original Kiss
590 ## - NOTA LOCAL (RLIN)
Nota local Inventariado 2022 / MF
650 #4 - PUNTO DE ACCESO ADICIONAL DE MATERIA--TÉRMINO DE MATERIA
Término de materia o nombre geográfico como elemento de entrada Novela policíaca.
9 (RLIN) 12168
650 #4 - PUNTO DE ACCESO ADICIONAL DE MATERIA--TÉRMINO DE MATERIA
Término de materia o nombre geográfico como elemento de entrada Literatura estadounidense
Subdivisión cronológica Siglo XX
Subdivisión de forma Novela policíaca
9 (RLIN) 10902
650 #4 - PUNTO DE ACCESO ADICIONAL DE MATERIA--TÉRMINO DE MATERIA
Término de materia o nombre geográfico como elemento de entrada Novela estadounidense
Subdivisión cronológica Siglo XX.
9 (RLIN) 6873
700 1# - PUNTO DE ACCESO ADICIONAL--NOMBRE DE PERSONA
Nombre de persona Lliná, Julio,
Término indicativo de función/relación trad.
9 (RLIN) 12169
910 ## - DATOS DE OPCIÓN DEL USUARIO (OCLC)
Datos de opción del usuario V/M
942 ## - ELEMENTOS DE PUNTO DE ACCESO ADICIONAL (KOHA)
Fuente del sistema de clasificación o colocación Dewey Decimal Classification
Tipo de ítem Koha Libro
Holdings
Estado de retiro Estado de pérdida Fuente del sistema de clasificación o colocación Restricciones de uso No para préstamo Código de colección Localización permanente Ubicación/localización actual Ubicación en estantería Fecha de adquisición Signatura topográfica completa Código de barras Fecha visto por última vez Precio válido a partir de Tipo de ítem Koha
    Dewey Decimal Classification Excluido de préstamo   Dominicana de Servicio Biblioteca Nacional Pedro Henríquez Ureña Biblioteca Nacional Pedro Henríquez Ureña Depósito 16.07.2009 BNPHU 813.52 M118b 4084-10 25.06.2020 25.06.2020 Libro

Powered by Koha